LDR 01395naa#a2200253#i#450# 001 RU\\bibl\115462 005 20260513234434.3 011 ## _a2071-7318 100 ## _a20260508b2026####ek#y0rusy0150####ca 102 ## _aRU 200 1# _aИССЛЕДОВАНИЯ ТРИБОТЕХНИЧЕСКИХ СВОЙСТВ ДИСКОВ СОШНИКОВ ПОСЕВНЫХ МАШИН _eЖурнальная статья 210 1# _aБелгород _cБелгородский государственный технологический университет им. В.Г. Шухова _d2026 215 ## _a8 с. 606 ## _aМашиностроение. 15.04.01 _2local 608 ## _aЖурнальная статья _2local 675 ## _aОбщие вопросы. Трение в машине. 621.891 _aПосевные машины и орудия (сеялки). 631.331 _z 686 ## _aМонтаж, эксплуатация, ремонт машин и промышленного оборудования. 308 _2bbk 686 ## _aТехническое оснащение сельского хозяйства. 5606 _2tbk 686 ## _aТракторное и сельскохозяйственное машиностроение. 55.57 _2grnti 700 #1 _aПастухов _gА. Г. 700 #1 _aТимашов _gЕ. П. 700 #1 _aМинасян _gА. Г. 700 #1 _aВолков _gМ. И. 856 4# _anaukaru.ru _u